header

Poverty traps (Record no. 114935)

MARC details
000 -LEADER
fixed length control field 01356nam a2200361Ia 4500
082 04 - DEWEY DECIMAL CLASSIFICATION NUMBER
Classification number 339.4/6
245 00 - TITLE STATEMENT
Title Poverty traps
260 ## - PUBLICATION, DISTRIBUTION, ETC. (IMPRINT)
Place of publication New York :
Name of publisher Russell Sage Foundation ;
Place of publication Princeton, N.J. :
Name of publisher Princeton University Press,
Year of publication c2006.
300 ## - PHYSICAL DESCRIPTION
Number of Pages vi, 241 p. :
Other physical details ill.
650 #0 - SUBJECT ADDED ENTRY--TOPICAL TERM
Topical Term Poverty.
Topical Term Economic history.
700 1# - ADDED ENTRY--PERSONAL NAME
Personal name Bowles, Samuel.
Personal name Durlauf, Steven N.
Personal name Hoff, Karla Ruth.
856 40 - ELECTRONIC LOCATION AND ACCESS
Uniform Resource Identifier http://site.ebrary.com/lib/rucke/Doc?id=10503242

No items available.

© 2026 Rongo University
Contact us: librarian | system librarian | Rongo university